Estrategia de innovación para bosque nativo

Saved in:
Bibliographic Details
Corporate Authors: Fundación para la Innovación Agraria (Author), FIA (Author)
Format: Book
Language:Spanish
Published: Santiago Fundación para la Innovación Agraria 2002
Subjects:
Tags: Add Tag
No Tags, Be the first to tag this record!

MARC

LEADER 00000nam a2200000 a 4500
001 UCL5207
003 CL-VaPUC
008 040305e20020000CL |||||||||||||||||spa|d
020 |a 956787428X 
082 0 4 |a 634.9  |b FUN  |2 21 
110 2 |a Fundación para la Innovación Agraria  |e author  |9 482932 
710 2 |a FIA  |e author  |9 482933 
245 1 0 |a Estrategia de innovación para bosque nativo 
300 |a 46 p 
942 |c BK 
945 |d 20040305 00:00:00  |a cmena 
260 |a Santiago  |b Fundación para la Innovación Agraria  |c 2002 
650 7 |a SILVICULTURA  |2 CL-VaPUC  |9 264178 
650 7 |a BOSQUES NATIVOS  |2 CL-VaPUC  |9 373720 
650 7 |a INNOVACIONES TECNOLOGICAS  |2 CL-VaPUC  |9 482934 
583 |a last modification  |c 20040305 00:00:00  |k Rodrigo Vera 
999 |c 307864  |d 307862 
952 |0 0  |1 0  |4 0  |6 634_900000000000000_FUN_2002  |7 0  |8 A  |9 374000  |a BIBAGR  |b BIBAGR  |d 2019-11-21  |i 3914321  |o 634.9 FUN 2002  |p 3914321  |r 2025-01-20  |w 2019-11-21  |y BK  |k AGR